000
00328nam a2200145Ia 4500
005
20251222152657.0
008
251222s9999||||xx |||||||||||||| ||spa||
020
_a
8440641737
082
_a
812.54/G79
100
_a
Greünberg, Serge
245
0
_a
M. Butterfly
250
_a
1ra.ed.
264
_b
Ediciones. B.
942
_c
LIB
999
_c
28699
_d
28699